|
|
|
|
| LEADER |
02381nam a22004817i 4500 |
| 001 |
45730 |
| 003 |
BD-DhAAL |
| 005 |
20260510183233.0 |
| 008 |
260510t2005 enk b 001 0 eng d |
| 010 |
|
|
|a 2015462031
|
| 020 |
|
|
|a 9781901903812
|
| 020 |
|
|
|a 1901903818
|
| 035 |
|
|
|a 18842607
|
| 035 |
|
|
|a (OCoLC)60537556
|
| 040 |
|
|
|a EQO
|b eng
|e rda
|c EQO
|d CVM
|d BAKER
|d UUM
|d MBB
|d YDXCP
|d BTCTA
|d MUQ
|d AU@
|d IXA
|d DEBBG
|d MEAUC
|d OCLCQ
|d TULIB
|d OCLCF
|d OCLCO
|d OCL
|d OCLCO
|d OCLCQ
|d DLC
|d BD-DhAAL
|
| 042 |
|
|
|a lccopycat
|
| 043 |
|
|
|a a-ja---
|a e------
|a a-cc---
|
| 050 |
0 |
0 |
|a DS881.96
|b .H57 2005
|
| 082 |
0 |
4 |
|a 327.5204
|2 22
|
| 084 |
|
|
|a EI 7653
|2 rvk
|
| 100 |
1 |
|
|a Hirakawa, Sukehiro,
|d 1931-
|e author.
|9 60580
|
| 245 |
1 |
0 |
|a Japan's love-hate relationship with the west /
|c Sukehiro Hirakawa.
|
| 260 |
|
|
|a Folkestone, Kent, UK :
|b Global Oriental,
|c 2005.
|
| 300 |
|
|
|a xi, 557 pages ;
|c 23 cm
|
| 504 |
|
|
|a Includes bibliographical references and index.
|
| 505 |
0 |
|
|a pt. 1 Japan's love-hate relationship with China -- pt. 2 Japan's turn to the west -- pt. 3 Return to the east -- pt. 4 From war to peace -- pt. 5 Attempt at cross-cultural elucidation -- pt. 6 Japanese writers between east and west.
|
| 526 |
8 |
|
|a AAL
|
| 541 |
1 |
|
|a Donated by Embassy of Japan in Bangladesh, Read Japan Project 2025, The Tokyo Foundation, supported by The Nippon Foundation.
|e 45730
|
| 648 |
|
7 |
|a Since 1868
|9 60581
|
| 648 |
|
7 |
|a Geschichte.
|
| 650 |
|
0 |
|a Social sciences.
|
| 651 |
|
0 |
|a Japan
|x Foreign relations
|z Europe.
|9 60582
|
| 651 |
|
0 |
|a Europe
|x Foreign relations
|z Japan.
|9 60583
|
| 651 |
|
0 |
|a Japan
|x Foreign relations
|z China.
|9 60584
|
| 651 |
|
0 |
|a China
|x Foreign relations
|z Japan.
|9 60585
|
| 651 |
|
0 |
|a Japan
|x Intellectual life
|y 1868-
|9 60586
|
| 651 |
|
0 |
|a Japan
|x Civilization
|y 1868-
|9 60587
|
| 651 |
|
7 |
|a Japan.
|
| 651 |
|
7 |
|a Westliche Welt.
|9 60588
|
| 852 |
1 |
|
|a Ayesha Abed Library
|c General Stacks
|
| 942 |
|
|
|2 ddc
|c BK
|
| 999 |
|
|
|c 47908
|d 47908
|
| 952 |
|
|
|0 0
|1 0
|2 ddc
|4 0
|6 327_520400000000000_HIR
|7 0
|9 79166
|a BRACUL
|b BRACUL
|d 2026-05-10
|e Donated by Embassy of Japan in Bangladesh, Read Japan Project 2025, The Tokyo Foundation, supported by The Nippon Foundation.
|l 0
|o 327.5204 HIR
|p 3010045730
|r 2026-05-10
|t 1
|w 2026-05-10
|y BK
|x Donated copy received from Embassy of Japan in Bangladesh, Read Japan Project 2025, The Tokyo Foundation, supported by The Nippon Foundation on 08 April 2026; $199.99
|